[Event "IND-ch 59th"]
[Site "New Delhi"]
[Date "2022.12.29"]
[Round "8"]
[White "Goel, Pratyaksh"]
[Black "Arun, Kataria"]
[Result "0-1"]
[WhiteElo "1717"]
[BlackElo "1913"]
[PlyCount "82"]
[EventDate "2022.12.22"]
[EventType "swiss"]
[EventRounds "13"]
[EventCountry "IND"]
[SourceTitle "CBM 211 Extra"]
[Source "ChessBase"]
[SourceDate "2023.01.31"]
[SourceVersion "1"]
[SourceVersionDate "2023.01.31"]
[SourceQuality "1"]

1. d4 Nf6 2. Bf4 g6 3. Nc3 Bg7 4. e4 d5 5. e5 Ne4 6. Nxe4 dxe4 7. f3 c5 8. Bb5+ Bd7 9. Bxd7+ Qxd7 10. fxe4 cxd4 11. Nf3 Nc6 12. Qd2 Rd8 13. 0-0-0 Qe6 14. Kb1 0-0 15. Ng5 Qc8 16. Nf3 a5 17. h4 h5 18. Rdg1 Qg4 19. Nh2 Qe6 20. g4 Nb4 21. b3 Rc8 22. Rc1 Rfd8 23. Nf3 Qxg4 24. Ng5 Qd7 25. a3 Nc6 26. Rhg1 e6 27. Nf3 Qc7 28. Bg5 Rd7 29. Bf6 Qb6 30. Ka2 Qc5 31. Bxg7 Kxg7 32. Qf4 Qe7 33. Ne1 Na7 34. Qf1 Rc3 35. Rd1 a4 36. b4 Nc6 37. Qb5 Qxh4 38. Kb2 Qxe4 39. Nd3 Qe2 40. Qxa4 b5 41. Nf4 Qxd1 0-1

[Event "IND-ch 59th"]
[Site "New Delhi"]
[Date "2022.12.24"]
[Round "3"]
[White "Kulkarni, Vinayak"]
[Black "Goel, Pratyaksh"]
[Result "1/2-1/2"]
[WhiteElo "2052"]
[BlackElo "1717"]
[PlyCount "70"]
[EventDate "2022.12.22"]
[EventType "swiss"]
[EventRounds "13"]
[EventCountry "IND"]
[SourceTitle "CBM 211 Extra"]
[Source "ChessBase"]
[SourceDate "2023.01.31"]
[SourceVersion "1"]
[SourceVersionDate "2023.01.31"]
[SourceQuality "1"]

1. Nf3 Nf6 2. g3 g6 3. Bg2 Bg7 4. 0-0 0-0 5. d4 d6 6. c3 Nbd7 7. Nbd2 Re8 8. e4 e5 9. Re1 b6 10. a4 Bb7 11. d5 a5 12. b4 Rf8 13. Nb3 h6 14. Bd2 axb4 15. cxb4 c6 16. Nh4 cxd5 17. exd5 Bxd5 18. Bxd5 Nxd5 19. Bxh6 N7f6 20. Bxg7 Kxg7 21. Qd2 Qd7 22. a5 Rh8 23. f3 Qb5 24. Red1 Rhd8 25. Rab1 Rab8 26. Qg5 Kh7 27. Nd2 bxa5 28. bxa5 Qxa5 29. Ne4 Rxb1 30. Rxb1 Nxe4 31. fxe4 Qc5+ 32. Kh1 Qc2 33. Re1 Qf2 34. Rg1 Qf6 35. Qc1 Ne7 1/2-1/2

[Event "Udaipur Lakecity op 1st"]
[Site "Udaipur"]
[Date "2019.09.18"]
[Round "8"]
[White "Goel, Pratyaksh"]
[Black "Abu Sufian, Sakil"]
[Result "1/2-1/2"]
[WhiteElo "1705"]
[BlackElo "2255"]
[PlyCount "37"]
[EventDate "2019.09.13"]
[EventType "swiss"]
[EventRounds "10"]
[EventCountry "IND"]
[SourceTitle "EXT 2020"]
[Source "ChessBase"]
[SourceDate "2019.10.17"]
[SourceVersion "1"]
[SourceVersionDate "2019.10.17"]
[SourceQuality "1"]

1. d4 d5 2. Nf3 Nf6 3. Bf4 c5 4. e3 Nc6 5. c3 Qb6 6. Qb3 c4 7. Qc2 Bf5 8. Qc1 e6 9. Nbd2 Qd8 10. Be2 h6 11. Ne5 Nxe5 12. Bxe5 Be7 13. 0-0 0-0 14. Bd1 b5 15. Bc2 Bxc2 16. Qxc2 Qb6 17. e4 a5 18. exd5 Nxd5 19. a4 1/2-1/2